000 01272nam a22002777a 4500
999 _c63804
_d63804
005 20240530110659.0
008 171225s2015 ua a g b 000 0dara d
017 _a2015/5542
_bمصر. دار الكتب
020 _a9789779201771
040 _aEG-CaGPL
_cEG-CaGPL
082 0 4 _221
_a338.9\
_bب ت
100 1 _aبرونيه ، انطوان
245 1 2 _aالتوجه الصينى نحو الهيمنة العالمية :
_bالامبريالية الاقتصادية /
_cتأليف انطوان برونيه ، جون بول جيشار ؛ ترجمة عادل عبدالعزيز احمد .
250 _aط.1
260 _aالقاهرة :
_bالمركز القومى للترجمة ،
_c2016 .
300 _a298 ص. ؛
_c24 سم.
490 _aالمركز القومى للترجمة ؛
_v2653
650 0 7 _2qrmak
_aالرأسمالية
651 0 7 _2qrmak
_aالصين
_xالاحوال الاقتصادية
651 0 7 _2qrmak
_aالصين
_xالعلاقات الخارجية
651 0 7 _2qrmak
_aاليابان
_xالاحوال الاقتصادية
700 1 _aجيشار ، جون بول
_eمؤلف مشارك
700 0 _aعادل عبدالعزيز احمد
_eمترجم
942 _2ddc
_cBK